[Event "Play for Durgesh Fundraiser Blitz"]
[Site "Vishy Anand Arena"]
[Date "2020.09.19"]
[Round "8"]
[White "shaarav heda"]
[Black "Yutikareddi"]
[Result "0-1"]
[WhiteElo "1231"]
[BlackElo "1187"]
[Annotator "NA"]
[PlyCount "34"]
[EventDate "2020.09.19"]
[EventType "swiss (blitz)"]

1. e4 e5 2. d3 Nc6 3. Nc3 Nf6 4. Bg5 h6 5. h4 hxg5 6. hxg5 Rxh1 7. gxf6 Qxf6 8. Qh5 Rxh5 9. g3 Bc5 10. Nh3 Qf3 11. Nd5 Kf8 12. Nxc7 Rxh3 13. Bxh3 Qxf2+ 14. Kd1 Qf1+ 15. Kd2 Qxa1 16. Nxa8 Qxa2 17. Nb6 Bb4+ 0-1

[Event "Play for Durgesh Fundraiser Blitz"]
[Site "Vishy Anand Arena"]
[Date "2020.09.19"]
[Round "8"]
[White "Kiyaan0511"]
[Black "Jiakher"]
[Result "1-0"]
[WhiteElo "1226"]
[BlackElo "1185"]
[Annotator "NA"]
[PlyCount "49"]
[EventDate "2020.09.19"]
[EventType "swiss (blitz)"]

1. e4 e5 2. Nf3 Nf6 3. Nc3 Nc6 4. Bb5 a6 5. Bxc6 dxc6 6. Nxe5 Bb4 7. d3 Bxc3+ 8. bxc3 g5 9. Bxg5 Ng4 10. Bxd8 Nxe5 11. Bf6 Rg8 12. Bxe5 f5 13. exf5 Bxf5 14. O-O h5 15. Bxc7 Rc8 16. Bf4 Kf7 17. Qxh5+ Kf6 18. Qh6+ Kf7 19. Bg5 Rxg5 20. Qxg5 Be6 21. Rfe1 Bd7 22. Qf4+ Kg6 23. Re5 Re8 24. Rg5+ Kh6 25. Qh4# 1-0

[Event "Play for Durgesh Fundraiser Blitz"]
[Site "Vishy Anand Arena"]
[Date "2020.09.19"]
[Round "8"]
[White "Vishykrish"]
[Black "PowerPufGirl"]
[Result "0-1"]
[WhiteElo "1151"]
[BlackElo "1303"]
[Annotator "NA"]
[PlyCount "76"]
[EventDate "2020.09.19"]
[EventType "swiss (blitz)"]

1. d4 d5 2. Nf3 a6 3. Nc3 e6 4. Bf4 h6 5. e3 Bd6 6. g3 Nf6 7. Qd2 Bxf4 8. gxf4 e5 9. O-O-O exf4 10. exf4 Bg4 11. Re1+ Be6 12. f5 O-O 13. fxe6 fxe6 14. Rxe6 Qd7 15. Qe3 Re8 16. Rxe8+ Nxe8 17. Bd3 Nf6 18. Qe5 Nc6 19. Qg3 Nh5 20. Qg6 Nf4 21. Qh7+ Kf8 22. Qh8+ Ke7 23. Qxa8 Nxd3+ 24. cxd3 Qg4 25. Nxd5+ Kd6 26. Qd8+ Ke6 27. Qe8+ Kxd5 28. Ne5 Qg5+ 29. Kc2 Nxd4+ 30. Kc3 Nb5+ 31. Kb3 Qxe5 32. Qd7+ Nd6 33. Qxc7 Qd4 34. Qa5+ Nb5 35. Rd1 Kc6 36. Qd8 Qxd8 37. Rc1+ Kb6 38. d4 Qd5+ 0-1

[Event "Play for Durgesh Fundraiser Blitz"]
[Site "Vishy Anand Arena"]
[Date "2020.09.19"]
[Round "9"]
[White "Rasulov Vugar"]
[Black "Terryr"]
[Result "1/2-1/2"]
[WhiteElo "2514"]
[BlackElo "2537"]
[PlyCount "71"]
[EventDate "2020.09.19"]
[EventType "swiss (blitz)"]

1. d4 e6 2. Nf3 Nf6 3. g3 b6 4. Bg2 Bb7 5. O-O g6 6. c4 Bg7 7. Nc3 Ne4 8. Nxe4 Bxe4 9. Bg5 Qc8 10. Qd2 O-O 11. Bh6 d6 12. Bxg7 Kxg7 13. Qf4 Bb7 14. e4 Nd7 15. Rac1 a5 16. Rfd1 h6 17. e5 dxe5 18. Nxe5 Bxg2 19. Kxg2 Qb7+ 20. Qf3 Qxf3+ 21. Kxf3 Nxe5+ 22. dxe5 Rfd8 23. c5 Kf8 24. cxb6 cxb6 25. Rxd8+ Rxd8 26. Rc6 Rd5 27. Ke4 Rb5 28. b3 a4 29. bxa4 Rb4+ 30. Kf3 Rxa4 31. Rxb6 Rxa2 32. Rb8+ Kg7 33. Rb7 Kf8 34. Rb8+ Kg7 35. Rb7 Kf8 36. Rb8+ 1/2-1/2

[Event "Play for Durgesh Fundraiser Blitz"]
[Site "Vishy Anand Arena"]
[Date "2020.09.19"]
[Round "9"]
[White "RACEKING"]
[Black "Boobyfisher"]
[Result "1-0"]
[WhiteElo "2418"]
[BlackElo "2355"]
[PlyCount "59"]
[EventDate "2020.09.19"]
[EventType "swiss (blitz)"]

1. c4 Nf6 2. Nc3 e6 3. e4 d5 4. e5 d4 5. exf6 dxc3 6. bxc3 Qxf6 7. Nf3 e5 8. d4 Nc6 9. d5 Nb8 10. Bg5 Qg6 11. Bd3 Bf5 12. Bxf5 Qxf5 13. O-O Nd7 14. Re1 Bd6 15. Be3 O-O 16. c5 Bxc5 17. Bxc5 Nxc5 18. Rxe5 Qf6 19. Qd4 b6 20. Rae1 Rad8 21. c4 h6 22. Re7 Qd6 23. Nh4 Ne6 24. R1xe6 Qxe6 25. Rxe6 fxe6 26. Ng6 Rf7 27. h4 exd5 28. cxd5 Rfd7 29. h5 Rxd5 30. Ne7+ 1-0

[Event "Play for Durgesh Fundraiser Blitz"]
[Site "Vishy Anand Arena"]
[Date "2020.09.19"]
[Round "9"]
[White "LAXMAN"]
[Black "Anirudhha"]
[Result "1-0"]
[WhiteElo "2396"]
[BlackElo "2105"]
[PlyCount "53"]
[EventDate "2020.09.19"]
[EventType "swiss (blitz)"]

1. d4 d5 2. Nf3 Nf6 3. c4 e6 4. g3 Be7 5. Bg2 O-O 6. O-O b6 7. Ne5 Bb7 8. Nc3 Nbd7 9. Bg5 h6 10. Bf4 c5 11. cxd5 exd5 12. Rc1 Rc8 13. Bh3 c4 14. Qa4 Nxe5 15. dxe5 Bc6 16. Qc2 Nh5 17. Bxc8 Qxc8 18. Be3 Rd8 19. Bd4 Qg4 20. e3 Bc5 21. Qe2 Qg5 22. f4 Qg6 23. Rcd1 Be7 24. Qf3 b5 25. Kh1 b4 26. Ne2 a6 27. g4 1-0

[Event "Play for Durgesh Fundraiser Blitz"]
[Site "Vishy Anand Arena"]
[Date "2020.09.19"]
[Round "9"]
[White "Aradhya"]
[Black "Samudragupta"]
[Result "0-1"]
[WhiteElo "2350"]
[BlackElo "2340"]
[PlyCount "54"]
[EventDate "2020.09.19"]
[EventType "swiss (blitz)"]

1. d4 Nc6 2. e4 e5 3. Nf3 exd4 4. Nxd4 Nf6 5. Nxc6 bxc6 6. Bd3 d5 7. Nd2 Bd6 8. O-O O-O 9. h3 Re8 10. Qf3 Qe7 11. Re1 Qe5 12. g3 Bxh3 13. c3 Bg4 14. Qg2 Qh5 15. Qh2 Qg6 16. Qg2 Bc5 17. b4 Bb6 18. a4 a6 19. a5 Ba7 20. Bb1 dxe4 21. Nxe4 Nxe4 22. Rxe4 Qh5 23. Qh2 Bh3 24. g4 Rxe4 25. Bxe4 Qxg4+ 26. Kh1 Qxe4+ 27. Kg1 Qe1# 0-1

[Event "Play for Durgesh Fundraiser Blitz"]
[Site "Vishy Anand Arena"]
[Date "2020.09.19"]
[Round "9"]
[White "KananGarayev"]
[Black "Arghyadip"]
[Result "1-0"]
[WhiteElo "2309"]
[BlackElo "2211"]
[PlyCount "33"]
[EventDate "2020.09.19"]
[EventType "swiss (blitz)"]

1. c4 e5 2. Nc3 Nf6 3. Nf3 Nc6 4. e4 Bc5 5. Nxe5 Nxe5 6. d4 Bb4 7. dxe5 Nxe4 8. Qf3 Nxc3 9. bxc3 Ba5 10. Qg3 Qe7 11. Be2 d6 12. exd6 Qf6 13. O-O cxd6 14. Bg5 Qxc3 15. Qxd6 f6 16. Rae1 Bd7 17. Bg4+ 1-0

[Event "Play for Durgesh Fundraiser Blitz"]
[Site "Vishy Anand Arena"]
[Date "2020.09.19"]
[Round "9"]
[White "VugarAsadli"]
[Black "Arjunkalyan"]
[Result "1-0"]
[WhiteElo "2306"]
[BlackElo "2374"]
[PlyCount "73"]
[EventDate "2020.09.19"]
[EventType "swiss (blitz)"]

1. e4 c5 2. Nc3 Nc6 3. Bb5 Nd4 4. Nf3 a6 5. Bd3 g6 6. Nxd4 cxd4 7. Ne2 Bg7 8. O-O d5 9. c3 dxe4 10. Bxe4 Nf6 11. Qa4+ Qd7 12. Qxd7+ Kxd7 13. Bf3 e5 14. d3 dxc3 15. bxc3 Kc7 16. Rb1 Rb8 17. Ng3 Be6 18. d4 Nd5 19. c4 Nc3 20. Rb3 Nxa2 21. d5 Nxc1 22. Rxc1 Bc8 23. c5 f5 24. d6+ Kd8 25. c6 Ke8 26. d7+ Bxd7 27. cxd7+ Kxd7 28. Bxb7 e4 29. Ne2 Be5 30. Rd1+ Ke7 31. Rd5 Bc7 32. Nd4 Kf6 33. Nc6 Rbe8 34. Rd7 Bf4 35. Nd4 Rd8 36. Rb6+ Ke5 37. Re6# 1-0

[Event "Play for Durgesh Fundraiser Blitz"]
[Site "Vishy Anand Arena"]
[Date "2020.09.19"]
[Round "9"]
[White "Vinniethepooh"]
[Black "IndianKing97"]
[Result "0-1"]
[WhiteElo "2225"]
[BlackElo "2376"]
[Annotator "NA"]
[PlyCount "56"]
[EventDate "2020.09.19"]
[EventType "swiss (blitz)"]

1. d4 Nf6 2. c4 c6 3. Nc3 d5 4. cxd5 cxd5 5. f3 Nc6 6. e4 dxe4 7. d5 Ne5 8. fxe4 e6 9. Nf3 Bd6 10. Bb5+ Ke7 11. Bg5 a6 12. Ba4 b5 13. dxe6 fxe6 14. Bb3 Qb6 15. Rc1 Bb7 16. Nd4 Rad8 17. Nxe6 Bb4 18. Bd5 Qxe6 19. O-O Qb6+ 20. Kh1 Bxc3 21. Rxc3 h6 22. Bh4 Bxd5 23. exd5 Qd6 24. Re1 Kf7 25. Rce3 Neg4 26. Re7+ Kg8 27. Bg3 Qxg3 28. hxg3 Nf2+ 0-1

[Event "Play for Durgesh Fundraiser Blitz"]
[Site "Vishy Anand Arena"]
[Date "2020.09.19"]
[Round "9"]
[White "skkeyan"]
[Black "Gak_chess"]
[Result "0-1"]
[WhiteElo "2187"]
[BlackElo "2273"]
[PlyCount "64"]
[EventDate "2020.09.19"]
[EventType "swiss (blitz)"]

1. Nf3 d5 2. e3 g6 3. b3 Bg7 4. d4 c5 5. Bb2 Nc6 6. Nbd2 cxd4 7. exd4 Nf6 8. h3 O-O 9. a3 Ne4 10. Bd3 f5 11. O-O e6 12. c4 Bd7 13. cxd5 exd5 14. Ne5 Be6 15. Ndf3 Qb6 16. b4 Rac8 17. Rc1 Bh6 18. Rc2 Nxe5 19. dxe5 Rxc2 20. Bxc2 Rc8 21. Nd4 Nc3 22. Qd3 Qxd4 23. Qxd4 Ne2+ 24. Kh1 Nxd4 25. Ba4 Ne2 26. Bb5 Nc3 27. Bd3 d4 28. f4 Nd5 29. g3 Ne3 30. Rf2 Nd1 31. Rd2 Nxb2 32. Rxb2 Rc3 0-1

[Event "Play for Durgesh Fundraiser Blitz"]
[Site "Vishy Anand Arena"]
[Date "2020.09.19"]
[Round "9"]
[White "Suyu28"]
[Black "Castle_64"]
[Result "1-0"]
[WhiteElo "2141"]
[BlackElo "1677"]
[Annotator "NA"]
[PlyCount "89"]
[EventDate "2020.09.19"]
[EventType "swiss (blitz)"]

1. Nf3 g6 2. e4 Bg7 3. d4 d6 4. c4 Nf6 5. Nc3 O-O 6. Be2 e5 7. O-O Nc6 8. d5 Ne7 9. b4 Ne8 10. a4 f5 11. c5 Nf6 12. Ba3 fxe4 13. Ng5 Bf5 14. g4 Bd7 15. b5 h6 16. Ngxe4 Nxe4 17. Nxe4 Rf4 18. cxd6 cxd6 19. Nxd6 e4 20. Nxb7 Qc8 21. Nd6 Qf8 22. Rc1 Kh7 23. Nc4 Rd8 24. Ne3 Be8 25. Rc7 Rd7 26. d6 Ng8 27. a5 Nf6 28. b6 axb6 29. axb6 Qf7 30. Bc4 Qf8 31. b7 Bf7 32. Bxf7 Rxf7 33. Rxf7 Qxf7 34. b8=Q h5 35. d7 Nxd7 36. Qxd7 Qxd7 37. Qxf4 hxg4 38. Qxg4 Qa4 39. Bd6 Qc6 40. Bf4 Kg8 41. Kh1 Kh7 42. Rg1 Kg8 43. Qxg6 Qxg6 44. Rxg6 Kh7 45. Rxg7+ 1-0

[Event "Play for Durgesh Fundraiser Blitz"]
[Site "Vishy Anand Arena"]
[Date "2020.09.19"]
[Round "9"]
[White "Ilamparthi"]
[Black "Audi_S_Tesla"]
[Result "1-0"]
[WhiteElo "2133"]
[BlackElo "1935"]
[Annotator "NA"]
[PlyCount "125"]
[EventDate "2020.09.19"]
[EventType "swiss (blitz)"]

1. Nf3 Nf6 2. g3 b6 3. Bg2 Bb7 4. O-O g6 5. d3 Bg7 6. Nbd2 O-O 7. e4 d6 8. Ne1 Nbd7 9. e5 Bxg2 10. exf6 Bxf1 11. fxg7 Kxg7 12. Nxf1 e5 13. d4 f5 14. dxe5 Nxe5 15. Ne3 Qe8 16. Nd3 Qc6 17. Nxe5 dxe5 18. Bd2 Rad8 19. Qe1 Qf3 20. Bc3 Rfe8 21. Nc4 Rd5 22. Nxe5 Rdxe5 23. Bxe5+ Kf7 24. Qc3 Qd5 25. Re1 c5 26. Qb3 c4 27. Qc3 g5 28. Qe3 Kg6 29. h4 h6 30. c3 Kf7 31. Qd4 Qf3 32. Qxc4+ Kg6 33. h5+ Kxh5 34. Qe2 Kg4 35. Qxf3+ Kxf3 36. Re3+ Kg4 37. Kg2 f4 38. gxf4 gxf4 39. Bxf4 Rg8 40. Rg3+ Kxf4 41. Rxg8 h5 42. Rh8 Kg5 43. Kf3 h4 44. Ke4 Kg4 45. Kd5 h3 46. f3+ Kxf3 47. Rxh3+ Ke2 48. Rh7 Kd1 49. Rxa7 Kc2 50. c4 Kxb2 51. Rb7 Kc3 52. Rxb6 Kd3 53. c5 Ke3 54. c6 Kf4 55. c7 Kf5 56. c8=Q+ Kg5 57. Qg8+ Kf4 58. Qf7+ Ke3 59. Re6+ Kd2 60. Qf2+ Kc3 61. Re3+ Kb4 62. Qb2+ Ka4 63. Ra3# 1-0

[Event "Play for Durgesh Fundraiser Blitz"]
[Site "Vishy Anand Arena"]
[Date "2020.09.19"]
[Round "9"]
[White "Position"]
[Black "Mastering tempo"]
[Result "1-0"]
[WhiteElo "2094"]
[BlackElo "1864"]
[Annotator "NA"]
[PlyCount "149"]
[EventDate "2020.09.19"]
[EventType "swiss (blitz)"]

1. e4 d5 2. exd5 Nf6 3. Nc3 Nxd5 4. Nf3 Bg4 5. h3 Bh5 6. Be2 Nc6 7. O-O e6 8. d3 Bc5 9. Re1 O-O 10. Ne4 Bb6 11. Ng3 Bg6 12. Bf1 Qd7 13. a3 Rad8 14. Bd2 a5 15. Nh4 Nf6 16. Nxg6 hxg6 17. Be3 Bxe3 18. Rxe3 Nd5 19. Re1 f5 20. Qd2 Qe7 21. c4 Nb6 22. Qc3 Qf6 23. Qxf6 gxf6 24. Rxe6 Kf7 25. Ree1 Nd4 26. Rac1 Nb3 27. Rc3 Nd4 28. b4 Na4 29. Rcc1 axb4 30. axb4 c6 31. Ra1 Ra8 32. Rec1 Nb3 33. Rab1 Nxc1 34. Rxc1 Nb6 35. d4 Rfd8 36. Ne2 Ra2 37. d5 cxd5 38. c5 Nc4 39. Nc3 Ra3 40. Nxd5 Nd2 41. Ne3 Nxf1 42. Kxf1 Rd2 43. Nc4 Raa2 44. Nxd2 Rxd2 45. b5 Rd5 46. c6 bxc6 47. bxc6 Rd8 48. c7 Rc8 49. Rc6 Ke7 50. f4 g5 51. fxg5 fxg5 52. Kf2 Kd7 53. Rf6 Rxc7 54. Rxf5 Rc2+ 55. Kg3 Rc3+ 56. Kh2 Ke6 57. Rxg5 Kf6 58. Rg3 Rc2 59. Rf3+ Kg5 60. Kg3 Rc6 61. Rd3 Rc4 62. Rd5+ Kg6 63. Kh2 Rc3 64. Ra5 Rc4 65. g3 Rc2+ 66. Kg1 Rc1+ 67. Kf2 Rc2+ 68. Ke1 Rc1+ 69. Kd2 Rg1 70. Ra6+ Kf5 71. g4+ Kf4 72. Ra5 Kg3 73. Rh5 Kh2 74. Rh8 Kg3 75. Ke3 1-0

[Event "Play for Durgesh Fundraiser Blitz"]
[Site "Vishy Anand Arena"]
[Date "2020.09.19"]
[Round "9"]
[White "Carlashis"]
[Black "Francy29"]
[Result "1-0"]
[WhiteElo "2088"]
[BlackElo "2085"]
[Annotator "NA"]
[PlyCount "83"]
[EventDate "2020.09.19"]
[EventType "swiss (blitz)"]

1. d4 Nf6 2. c4 g6 3. Nf3 Bg7 4. g3 O-O 5. Bg2 d5 6. cxd5 Nxd5 7. O-O Nb6 8. Nc3 Nc6 9. e3 e5 10. d5 Na5 11. e4 c6 12. d6 Nac4 13. b3 Na5 14. Ba3 Nd7 15. Qc2 b6 16. Rad1 Ba6 17. Rfe1 Qf6 18. Re3 Nb7 19. Na4 Bb5 20. Nb2 a5 21. h4 Nbc5 22. Nc4 a4 23. Bxc5 axb3 24. axb3 bxc5 25. Bh3 Rad8 26. Ng5 h6 27. Rf3 hxg5 28. Rxf6 Bxf6 29. Bxd7 Rxd7 30. hxg5 Bg7 31. Nb6 Rb7 32. Nc4 Rd8 33. Ne3 Rbd7 34. Qxc5 Bf8 35. Qxe5 Rxd6 36. Rxd6 Rxd6 37. Ng4 Re6 38. Nf6+ Kg7 39. Qf4 Be7 40. e5 c5 41. Qh4 Bd8 42. Qh6# 1-0

[Event "Play for Durgesh Fundraiser Blitz"]
[Site "Vishy Anand Arena"]
[Date "2020.09.19"]
[Round "9"]
[White "ASB"]
[Black "STRANGE"]
[Result "0-1"]
[WhiteElo "2063"]
[BlackElo "2417"]
[PlyCount "118"]
[EventDate "2020.09.19"]
[EventType "swiss (blitz)"]

1. d4 d5 2. Bf4 Nf6 3. e3 c5 4. c3 Nc6 5. Nd2 Bf5 6. Ngf3 e6 7. Ne5 Qb6 8. Qa4 a6 9. Nxc6 bxc6 10. Nb3 c4 11. Na5 Rc8 12. b3 Qb5 13. Qxb5 axb5 14. bxc4 bxc4 15. f3 Kd7 16. Bxc4 Ra8 17. Nxc6 Kxc6 18. Bb3 Bd6 19. Bg5 Rhc8 20. Bxf6 gxf6 21. O-O Kd7 22. e4 Bg6 23. exd5 Rxc3 24. dxe6+ fxe6 25. Rac1 Rac8 26. Rce1 e5 27. dxe5 fxe5 28. Rd1 Ke7 29. Rfe1 Bc5+ 30. Kh1 Re3 31. Rf1 Bd3 32. Rg1 Ba6 33. Rd5 Bd4 34. Ra5 Bc4 35. Bxc4 Rxc4 36. h3 Rec3 37. Ra8 Bxg1 38. Kxg1 Rc1+ 39. Kh2 R1c2 40. Rh8 Rxa2 41. Rxh7+ Kf6 42. Rh6+ Kg7 43. Re6 Rcc2 44. Kg3 Rxg2+ 45. Kh4 Ra4+ 46. Kh5 Ra5 47. Kh4 Ra8 48. Re7+ Kf6 49. Rh7 Rag8 50. f4 exf4 51. Rh5 f3 52. Rh6+ R2g6 53. Rxg6+ Rxg6 54. Kh5 f2 55. h4 Rg1 56. Kh6 f1=Q 57. h5 Qf4+ 58. Kh7 Qg5 59. h6 Qg8# 0-1

[Event "Play for Durgesh Fundraiser Blitz"]
[Site "Vishy Anand Arena"]
[Date "2020.09.19"]
[Round "9"]
[White "Mithil"]
[Black "srujankeerthan2005"]
[Result "0-1"]
[WhiteElo "2063"]
[BlackElo "2029"]
[Annotator "NA"]
[PlyCount "38"]
[EventDate "2020.09.19"]
[EventType "swiss (blitz)"]

1. d4 Nf6 2. Nf3 e6 3. c4 d5 4. e3 Be7 5. Nbd2 Ne4 6. Bd3 f5 7. O-O O-O 8. b3 c5 9. Bb2 Nc6 10. Rc1 b6 11. cxd5 exd5 12. dxc5 bxc5 13. Qe2 Be6 14. Rfd1 Bf6 15. Nxe4 fxe4 16. Bxe4 Nb4 17. Bb1 Qe7 18. Qc2 Nxc2 19. Rxc2 Bxb2 0-1

[Event "Play for Durgesh Fundraiser Blitz"]
[Site "Vishy Anand Arena"]
[Date "2020.09.19"]
[Round "9"]
[White "Dushu2930"]
[Black "tacticabd"]
[Result "1-0"]
[WhiteElo "2054"]
[BlackElo "1847"]
[Annotator "NA"]
[PlyCount "85"]
[EventDate "2020.09.19"]
[EventType "swiss (blitz)"]

1. e4 e6 2. Nf3 d5 3. exd5 exd5 4. d4 Bd6 5. Bd3 Nc6 6. c3 Nge7 7. Be3 Bg4 8. Nbd2 Qd7 9. O-O f5 10. Bg5 O-O 11. h3 Bh5 12. Qc2 Ng6 13. Nh4 Nxh4 14. Bxh4 h6 15. f4 Rae8 16. Rae1 Rxe1 17. Bxe1 Ne7 18. Bg3 g5 19. Nf3 gxf4 20. Be1 Ng6 21. Qf2 c6 22. Bd2 Qe7 23. Re1 Qf6 24. Bc2 Rf7 25. Kf1 Re7 26. Rxe7 Nxe7 27. Ne5 f3 28. Nxf3 Ng6 29. Ne5 Nxe5 30. dxe5 Bxe5 31. Qxf5 Qxf5+ 32. Bxf5 Kg7 33. Bc8 b6 34. g4 Be8 35. Bf5 c5 36. Ke2 Bb5+ 37. Kf3 a5 38. a3 a4 39. h4 Bc4 40. g5 b5 41. gxh6+ Kh8 42. h7 Bg7 43. Bf4 1-0

[Event "Play for Durgesh Fundraiser Blitz"]
[Site "Vishy Anand Arena"]
[Date "2020.09.19"]
[Round "9"]
[White "Aditya_dpawn"]
[Black "Aaryan Varshney"]
[Result "0-1"]
[WhiteElo "2052"]
[BlackElo "2123"]
[Annotator "NA"]
[PlyCount "66"]
[EventDate "2020.09.19"]
[EventType "swiss (blitz)"]

1. e4 c5 2. Nf3 d6 3. d4 cxd4 4. Nxd4 Nf6 5. Nc3 a6 6. Be3 e5 7. Nb3 Be6 8. h3 Be7 9. Qf3 O-O 10. O-O-O b5 11. g4 b4 12. Nd5 Nxd5 13. exd5 Bc8 14. Bd3 Nd7 15. h4 a5 16. g5 Qc7 17. Qe4 f5 18. gxf6 Nxf6 19. Qg2 a4 20. Nd2 a3 21. b3 Qc3 22. Nc4 Ng4 23. Rhg1 Bxh4 24. Nb6 Bxf2 25. Bxf2 Rxf2 26. Qxf2 Nxf2 27. Nxa8 Nxd3+ 28. Rxd3 Qa1+ 29. Kd2 Qxg1 30. Re3 Qf2+ 31. Re2 Qd4+ 32. Kc1 Ba6 33. Rg2 Qe4 0-1

[Event "Play for Durgesh Fundraiser Blitz"]
[Site "Vishy Anand Arena"]
[Date "2020.09.19"]
[Round "9"]
[White "Kikku"]
[Black "Shankhodip"]
[Result "1-0"]
[WhiteElo "2047"]
[BlackElo "1470"]
[Annotator "NA"]
[PlyCount "69"]
[EventDate "2020.09.19"]
[EventType "swiss (blitz)"]

1. e4 c5 2. Nf3 d6 3. d4 cxd4 4. Nxd4 Nf6 5. f3 e6 6. c4 Be7 7. Nc3 O-O 8. Be3 a6 9. Be2 b6 10. O-O Bb7 11. Rb1 Kh8 12. Qd2 h6 13. a3 Rg8 14. b4 Nbd7 15. Rbc1 Rc8 16. Rfd1 g5 17. Nb3 Qf8 18. Na4 Kh7 19. Nxb6 Nxb6 20. Bxb6 g4 21. Qe3 Nd7 22. f4 Nxb6 23. Qxb6 Bxe4 24. Bd3 Bxd3 25. Rxd3 e5 26. f5 e4 27. Rd5 Qg7 28. Qd4 Bf6 29. Qxe4 Kh8 30. Qd3 Bb2 31. Rf1 f6 32. Rxd6 Bxa3 33. Rd7 Qg5 34. Nc5 Bxb4 35. Ne6 1-0

[Event "Play for Durgesh Fundraiser Blitz"]
[Site "Vishy Anand Arena"]
[Date "2020.09.19"]
[Round "9"]
[White "Samriddhaa"]
[Black "COLGATE"]
[Result "1-0"]
[WhiteElo "2040"]
[BlackElo "1812"]
[Annotator "NA"]
[PlyCount "109"]
[EventDate "2020.09.19"]
[EventType "swiss (blitz)"]

1. e4 c5 2. Nf3 d6 3. d4 cxd4 4. Nxd4 Nf6 5. Nc3 a6 6. Be2 e6 7. Be3 Be7 8. a4 O-O 9. O-O Qc7 10. f4 Nbd7 11. a5 b5 12. axb6 Nxb6 13. Qd3 Bb7 14. Kh1 Rfc8 15. Bf3 Nc4 16. Bc1 h6 17. b3 Nb6 18. Bb2 Rd8 19. Qe3 Rac8 20. e5 Nfd5 21. Nxd5 Bxd5 22. c4 Bxf3 23. Rxf3 d5 24. cxd5 Nxd5 25. Qf2 Bc5 26. Qf1 a5 27. Nb5 Qb6 28. Nd6 Bxd6 29. exd6 Rxd6 30. Rg3 g6 31. Qe1 Rdc6 32. Qe5 f6 33. Rxg6+ Kf7 34. Qh5 Ke7 35. Rg7+ Kd6 36. Re1 Qxb3 37. Bxf6 R6c7 38. Be5+ Kc6 39. Bxc7 Nxc7 40. Rc1+ Kb7 41. Qe5 Qa3 42. Rgxc7+ Ka6 43. Qe2+ Kb6 44. Qf2+ Kb5 45. Rb1+ Ka4 46. Qd4+ Qb4 47. Rxb4+ axb4 48. Rxc8 Ka3 49. Ra8+ Kb3 50. Qd3+ Kb2 51. Rc8 b3 52. Rc3 Ka3 53. Rxb3+ Ka4 54. Qc4+ Ka5 55. Qb5# 1-0

[Event "Play for Durgesh Fundraiser Blitz"]
[Site "Vishy Anand Arena"]
[Date "2020.09.19"]
[Round "9"]
[White "Shubh_2007"]
[Black "SymbolX"]
[Result "0-1"]
[WhiteElo "2028"]
[BlackElo "2014"]
[Annotator "NA"]
[PlyCount "112"]
[EventDate "2020.09.19"]
[EventType "swiss (blitz)"]

1. e4 c5 2. Nf3 e6 3. g3 Nf6 4. e5 Nd5 5. Bg2 Nc6 6. d4 cxd4 7. Nxd4 Nxe5 8. Bxd5 exd5 9. Qe2 Qe7 10. O-O Nc6 11. Qxe7+ Bxe7 12. Nb5 O-O 13. N1c3 d4 14. Nd5 Bc5 15. c3 dxc3 16. Nbxc3 d6 17. Bf4 Bh3 18. Rfe1 Nd4 19. Ne7+ Kh8 20. Kh1 Nc2 21. Rac1 Nxe1 22. Rxe1 Rae8 23. Ncd5 Bxf2 24. Rc1 Bc5 25. b4 Bxb4 26. Nxb4 Rxe7 27. Bxd6 Rfe8 28. Bxe7 Rxe7 29. Kg1 g6 30. Nd5 Re2 31. Nf4 Rxa2 32. Nxh3 b5 33. Rb1 a6 34. Ng5 Kg7 35. Ne4 f5 36. Nc5 Kf6 37. Re1 a5 38. Re6+ Kg5 39. Rb6 b4 40. h3 h5 41. Ne6+ Kh6 42. Nf4 Kh7 43. Rxg6 b3 44. Rb6 b2 45. Rb7+ Kg8 46. Rb8+ Kf7 47. Rb7+ Ke8 48. Rb8+ Kd7 49. Rb7+ Kc8 50. Rb3 Ra1+ 51. Kg2 b1=Q 52. Rxb1 Rxb1 53. Nxh5 a4 54. Nf4 a3 55. Nd5 a2 56. Nc3 Rb2+ 0-1

[Event "Play for Durgesh Fundraiser Blitz"]
[Site "Vishy Anand Arena"]
[Date "2020.09.19"]
[Round "9"]
[White "Roedor87"]
[Black "smokyqueen"]
[Result "1-0"]
[WhiteElo "2015"]
[BlackElo "1586"]
[Annotator "NA"]
[PlyCount "97"]
[EventDate "2020.09.19"]
[EventType "swiss (blitz)"]

1. d4 Nf6 2. c4 d6 3. Nf3 g6 4. g3 Bg7 5. Bg2 O-O 6. O-O Bg4 7. Nc3 Nbd7 8. h3 Bxf3 9. exf3 c6 10. Re1 Rc8 11. Be3 Qb6 12. b3 Qa5 13. Qc2 d5 14. Bf4 Nh5 15. Bd2 e6 16. Nxd5 Qd8 17. Nf4 Nxf4 18. Bxf4 Bxd4 19. Rad1 Bf6 20. Bh6 Bg7 21. Bxg7 Kxg7 22. Rd2 Qe7 23. Red1 Nf6 24. Qc3 Kg8 25. f4 Rfd8 26. c5 Rxd2 27. Rxd2 Nd5 28. Bxd5 cxd5 29. b4 Rc6 30. Qe5 Qc7 31. Qf6 b6 32. cxb6 axb6 33. h4 e5 34. Qxe5 Qxe5 35. fxe5 Rc1+ 36. Kg2 Ra1 37. f4 Kf8 38. Rxd5 Rxa2+ 39. Kf3 Ke7 40. Rd6 Ra3+ 41. Kg4 h5+ 42. Kh3 Rb3 43. Rxb6 Kd7 44. Rb7+ Ke6 45. Rb6+ Kf5 46. Rf6+ Ke4 47. Rxf7 Rxb4 48. Rf6 Rb2 49. Rxg6 1-0

[Event "Play for Durgesh Fundraiser Blitz"]
[Site "Vishy Anand Arena"]
[Date "2020.09.19"]
[Round "9"]
[White "Snehil29"]
[Black "Vaishnavi0309"]
[Result "1-0"]
[WhiteElo "2004"]
[BlackElo "1480"]
[Annotator "NA"]
[PlyCount "51"]
[EventDate "2020.09.19"]
[EventType "swiss (blitz)"]

1. d4 d5 2. Nf3 Nf6 3. Bg5 e6 4. Nbd2 Be7 5. e3 h6 6. Bh4 O-O 7. Bd3 c5 8. c3 Nc6 9. h3 c4 10. Bc2 Nh7 11. Bg3 Nf6 12. O-O a6 13. e4 dxe4 14. Nxe4 b5 15. Ne5 Bb7 16. Re1 Nxe4 17. Bxe4 Qb6 18. Nd7 Qc7 19. Bxc7 Rfc8 20. Bf4 Rd8 21. Nb6 Rab8 22. Bxb8 Rxb8 23. Qf3 Bf6 24. Bxc6 Bxc6 25. Qxc6 Rd8 26. Rad1 1-0

[Event "Play for Durgesh Fundraiser Blitz"]
[Site "Vishy Anand Arena"]
[Date "2020.09.19"]
[Round "9"]
[White "Stark11"]
[Black "Legacyplayer"]
[Result "1-0"]
[WhiteElo "1988"]
[BlackElo "1926"]
[Annotator "NA"]
[PlyCount "27"]
[EventDate "2020.09.19"]
[EventType "swiss (blitz)"]

1. e4 c5 2. Nc3 Nc6 3. f4 g6 4. Nf3 Bg7 5. a3 e6 6. b4 cxb4 7. axb4 Nxb4 8. Ba3 Nc6 9. Nb5 Nge7 10. Nd6+ Kf8 11. Ng5 Qb6 12. Ngxf7 Rg8 13. Ng5 Nb4 14. Nxh7# 1-0

[Event "Play for Durgesh Fundraiser Blitz"]
[Site "Vishy Anand Arena"]
[Date "2020.09.19"]
[Round "9"]
[White "Garvgaur1008"]
[Black "Babysnake"]
[Result "0-1"]
[WhiteElo "1954"]
[BlackElo "2492"]
[Annotator "NA"]
[PlyCount "134"]
[EventDate "2020.09.19"]
[EventType "swiss (blitz)"]

1. d4 Nf6 2. Nf3 b5 3. g3 Bb7 4. Bg2 e6 5. O-O Be7 6. b3 b4 7. Bb2 O-O 8. Nbd2 a5 9. a3 d5 10. axb4 axb4 11. Rxa8 Bxa8 12. Qa1 Nbd7 13. Ne5 Nxe5 14. dxe5 Nd7 15. Rd1 c5 16. e4 d4 17. Nc4 Nb6 18. Nxb6 Qxb6 19. Bc1 Bb7 20. Bf4 Ra8 21. Qb2 Qa6 22. Bf1 Qa2 23. Qxa2 Rxa2 24. Bd3 h6 25. Kf1 Bd8 26. Bd2 Kf8 27. f4 Ke7 28. Ke2 Kd7 29. f5 Bc7 30. f6 Bxe5 31. fxg7 Bxg7 32. Rf1 Ke7 33. g4 Bc6 34. h4 Ra8 35. g5 hxg5 36. Bxg5+ f6 37. Bd2 Rh8 38. Rh1 Bh6 39. h5 Bxd2 40. Kxd2 Rh6 41. Rh4 Kd6 42. Be2 Ke5 43. Kd3 Bb5+ 44. Kd2 Be8 45. Kd3 Kd6 46. Rf4 Bb5+ 47. Kd2 Bxe2 48. Kxe2 Rxh5 49. Rxf6 Rh2+ 50. Kd3 Rh3+ 51. Kd2 Re3 52. Rf4 Ke5 53. Rh4 Rxe4 54. Rh5+ Kd6 55. Rh8 Re3 56. Rd8+ Ke7 57. Rc8 Rc3 58. Rc7+ Kd6 59. Rc8 e5 60. Re8 Kd5 61. Rh8 e4 62. Rh5+ Kc6 63. Rh6+ Kb5 64. Rh8 d3 65. cxd3 exd3 66. Rb8+ Kc6 67. Rc8+ Kb6 0-1

[Event "Play for Durgesh Fundraiser Blitz"]
[Site "Vishy Anand Arena"]
[Date "2020.09.19"]
[Round "9"]
[White "Suyash45"]
[Black "suryamnaik"]
[Result "1-0"]
[WhiteElo "1950"]
[BlackElo "1735"]
[Annotator "NA"]
[PlyCount "27"]
[EventDate "2020.09.19"]
[EventType "swiss (blitz)"]

1. e4 c5 2. Nf3 d6 3. d4 cxd4 4. Nxd4 Nf6 5. Nc3 a6 6. Bg5 e6 7. f4 Qb6 8. Qd2 Qxb2 9. Rb1 Qa3 10. e5 dxe5 11. fxe5 Nfd7 12. Ne4 Nxe5 13. Nb5 axb5 14. Qd8# 1-0